Último año de Rubén Darío
| Main Author: | |
|---|---|
| Format: | Section = Libro |
| Language: | Undetermined Spanish |
| Published: |
Managua
La Salle siglo XXI
2016
|
| Edition: | 2a.ed. |
| Subjects: |
| LEADER | 00546nam a2200205Ia 4500 | ||
|---|---|---|---|
| 008 | 240829s9999 xx 000 0 und d | ||
| 020 | |a 978-99964-890-3-7 | ||
| 040 | |a BIBLIOTECA-RUSB/ 920 D218 | ||
| 041 | |a spa | ||
| 082 | |a 920 D218 | ||
| 100 | 1 | |a Darío, Rubén | |
| 245 | 1 | 0 | |a Último año de Rubén Darío |
| 250 | |a 2a.ed. | ||
| 260 | |a Managua |b La Salle siglo XXI |c 2016 | ||
| 300 | |a 688 p. :il. | ||
| 650 | 7 | |a DARIO, RUBEN-COLECCIONES DE ESCRITOS | |
| 650 | 7 | |b LITERATURA NICARAGUENSE | |
| 942 | |c BK |2 ddc | ||
| 991 | |a TEXTO | ||
| 999 | |c 5538 | ||